40 millones de españoles 40 años después (Record no. 804416)

000 -CABECERA
Campo de control de longitud fija 00493nam a2200181 4500
001 - NÚMERO DE CONTROL
Campo de control VA33432
003 - IDENTIFICADOR DEL NÚMERO DE CONTROL
Campo de control ES-SlBCS
005 - FECHA Y HORA DE LA ÚLTIMA TRANSACCIÓN
Campo de control 20230307091444.0
008 - CÓDIGOS DE INFORMACIÓN DE LONGITUD FIJA
Campo de control de longitud fija 140520s1976 xxu||||| |||| 00| 0 spa d
041 ## - CÓDIGO DE LENGUA
Código de lengua del texto/banda sonora o título independiente spa
100 1# - PUNTO DE ACCESO PRINCIPAL-NOMBRE DE PERSONA
Nombre de persona Miguel, Amando de
Fechas asociadas al nombre (1937-)
9 (RLIN) 102755
245 10 - MENCIÓN DE TÍTULO
Título 40 millones de españoles 40 años después
Mención de responsabilidad, etc. Amando de Miguel
250 ## - MENCIÓN DE EDICIÓN
Mención de edición 2ª ed.
260 ## - PUBLICACIÓN, DISTRIBUCIÓN, ETC... (PIE DE IMPRENTA)
Lugar de publicación, distribución, etc. Barcelona :
Nombre del editor, distribuidor, etc. Grijalbo
Fecha de publicación, distribución, etc. , 1976
300 ## - DESCRIPCIÓN FÍSICA
Extensión 339 p.;
Dimensiones 21 cm
651 #4 - PUNTO DE ACCESO ADICIONAL DE MATERIA-NOMBRE GEOGRÁFICO
Nombre geográfico España
Subdivisión de materia general Población
9 (RLIN) 369723
942 ## - ENTRADA DE ELEMENTOS AGREGADOS (KOHA)
Koha [por defecto] tipo de item Libros
Holdings
Suprimido Perdido Estropeado No para préstamo Localización permanente Localización actual Localización en estantería Fecha adquisición Préstamos totales Signatura completa Número de Registro / Código de Barras Fecha última consulta Fecha del precio de reemplazo Tipo de item de Koha
        San Esteban San Esteban Valladolid 11/07/2014   34/D8 VA33432 11/07/2014 11/07/2014 Libros

Bibliotecas Dominicos Provincia Hispania, 2016

Con tecnología Koha